Complete conditioning for hockey / (Record no. 45624)

MARC details
000 -LEADER
fixed length control field 00653nam a22001937a 4500
005 - DATE AND TIME OF LATEST TRANSACTION
control field 2010091407547.0
020 ## - INTERNATIONAL STANDARD BOOK NUMBER
International Standard Book Number 9780736060349
Terms of availability 1176.00
037 ## - SOURCE OF ACQUISITION
Source of stock number/acquisition UBH
082 ## - DEWEY DECIMAL CLASSIFICATION NUMBER
Classification number 796.962
100 ## - MAIN ENTRY--PERSONAL NAME
Personal name Twist, Peter
245 ## - TITLE STATEMENT
Title Complete conditioning for hockey /
Statement of responsibility, etc by Peter Twist
260 ## - PUBLICATION, DISTRIBUTION, ETC. (IMPRINT)
Place of publication, distribution, etc Champaign
Name of publisher, distributor, etc Human Kinetics
Date of publication, distribution, etc 2007
270 ## - ADDRESS
Address P.O. Box, 5076,
City Champaign
300 ## - PHYSICAL DESCRIPTION
Extent xvii, 211p.
Other physical details ill
Dimensions 26cm(pbk)
500 ## - GENERAL NOTE
General note Includes index
942 ## - ADDED ENTRY ELEMENTS (KOHA)
Source of classification or shelving scheme Dewey Decimal Classification
Item type English Books
Classification part 796.962
Call number suffix TWI
Holdings
Withdrawn status Lost status Not for loan Collection code Home library Current library Date acquired Cost, normal purchase price Full call number Copy number Cost, replacement price Koha item type
    Ordered Non-fiction Andrews Gunj Andrews Gunj 14/09/2010 1176.00 796.962 TWI 1 1176.00 English Books

© Delhi Public Library
Hit Counter
free hit counter